| 000 | 00877nam a2200253 i 4500 | ||
|---|---|---|---|
| 001 | 21466 | ||
| 003 | KOSZ 005 | ||
| 005 | 20201104105359.0 | ||
| 008 | 040519s1976 pl f 000 0 pol | ||
| 015 | _aPB 1976/2160 | ||
| 040 |
_aWA N _cKOSZ 005/RW _dKOSZ 005/RW |
||
| 080 | _a378 | ||
| 100 | 1 |
_aSzczepański, Jan _d(1913-2004) _eAutor |
|
| 245 | 1 | 0 |
_aSzkice o szkolnictwie wyższym / _cJan Szczepański. |
| 260 |
_aWarszawa : _b"Wiedza Powszechna", _c1976. |
||
| 300 |
_a161, [3] s. ; _c19 cm. |
||
| 380 | _aKsiążki. | ||
| 490 | 1 |
_aOmega : biblioteka wiedzy współczesnej ; _v293. |
|
| 650 | 4 | _aSzkolnictwo wyższe | |
| 710 | 2 |
_aPaństwowe Wydawnictwo Wiedza Powszechna _4pbl. |
|
| 830 | 0 |
_aOmega ; _v293. |
|
| 856 |
_uhttp://koha.tu.koszalin.pl/cgi-bin/koha/opac-detail.pl?biblionumber=21466 _yKatalog online BPK |
||
| 942 |
_2UKD _cKS |
||
| 999 |
_c21466 _d21466 |
||